[Event "GRE-ch (Women) 44th"]
[Site "Athens"]
[Date "2022.12.08"]
[Round "8"]
[White "Drakaki, Anna Maria"]
[Black "Makropoulou, Marina"]
[Result "1/2-1/2"]
[WhiteElo "1956"]
[BlackElo "2130"]
[PlyCount "62"]
[EventDate "2022.12.03"]
[EventType "tourn"]
[EventRounds "11"]
[EventCountry "GRE"]
[SourceTitle "CBM 211 Extra"]
[Source "ChessBase"]
[SourceDate "2023.01.31"]
[SourceVersion "1"]
[SourceVersionDate "2023.01.31"]
[SourceQuality "1"]

1. e4 e5 2. Nf3 Nc6 3. Bb5 a6 4. Bxc6 dxc6 5. d4 exd4 6. Qxd4 Qxd4 7. Nxd4 c5 8. Ne2 Bd7 9. Bf4 0-0-0 10. Nbc3 Bc6 11. f3 Ne7 12. Rd1 Rxd1+ 13. Kxd1 b5 14. Kc1 b4 15. Nd1 Bb5 16. Re1 Nc6 17. Ne3 f6 18. c4 bxc3 19. Nxc3 Nd4 20. Rd1 Bd6 21. Bxd6 cxd6 22. Nxb5 axb5 23. Nc2 Nxc2 24. Kxc2 Kc7 25. Rd5 Ra8 26. a3 Kc6 27. h4 Ra4 28. g4 h6 29. g5 hxg5 30. hxg5 Kd7 31. g6 Ke6 1/2-1/2

[Event "GRE-ch (Women) 44th"]
[Site "Athens"]
[Date "2022.12.07"]
[Round "6"]
[White "Drakaki, Anna Maria"]
[Black "Mihailidou, Magdalini"]
[Result "1-0"]
[WhiteElo "1956"]
[BlackElo "1815"]
[PlyCount "61"]
[EventDate "2022.12.03"]
[EventType "tourn"]
[EventRounds "11"]
[EventCountry "GRE"]
[SourceTitle "CBM 211 Extra"]
[Source "ChessBase"]
[SourceDate "2023.01.31"]
[SourceVersion "1"]
[SourceVersionDate "2023.01.31"]
[SourceQuality "1"]

1. d4 d5 2. c4 e6 3. g3 c6 4. Bg2 Nf6 5. Nf3 dxc4 6. 0-0 Nbd7 7. Nbd2 b5 8. a4 Bb7 9. Qc2 a6 10. b3 cxb3 11. Nxb3 Be7 12. Bd2 Rc8 13. Ba5 Nb6 14. Nc5 Qc7 15. Rfc1 0-0 16. Rab1 Bd6 17. e4 Be7 18. Nd2 Rfd8 19. Nc4 Rxd4 20. Nxb6 Re8 21. Nb3 Bb4 22. Nd5 Nxd5 23. Bxc7 Rc4 24. Qxc4 bxc4 25. Rxc4 Nc3 26. Rxb4 Nxb1 27. Rxb7 Nc3 28. e5 h6 29. Bxc6 Re7 30. Rb8+ Kh7 31. Bd6 1-0

[Event "GRE-chT 49th"]
[Site "Thessaloniki"]
[Date "2022.08.15"]
[Round "5"]
[White "Krasteva, Beloslava"]
[Black "Drakaki, Anna Maria"]
[Result "1-0"]
[WhiteElo "2269"]
[BlackElo "1964"]
[PlyCount "117"]
[EventDate "2022.08.12"]
[EventType "team-swiss"]
[EventRounds "7"]
[EventCountry "GRE"]
[SourceTitle "EXT 2024"]
[Source "ChessBase"]
[SourceDate "2023.10.10"]
[SourceVersion "1"]
[SourceVersionDate "2023.10.10"]
[SourceQuality "1"]
[WhiteTeam "Eso Papafe Chronikon"]
[BlackTeam "Kalamarias"]
[WhiteTeamCountry "GRE"]
[BlackTeamCountry "GRE"]

1. c4 e6 2. g3 Nf6 3. Bg2 d5 4. Nf3 c6 5. 0-0 Be7 6. b3 0-0 7. Bb2 b6 8. d4 Bb7 9. Nfd2 Nbd7 10. Qc2 Rc8 11. e4 c5 12. e5 Ne8 13. Re1 cxd4 14. Bxd4 Ba6 15. Nc3 dxc4 16. bxc4 Nc5 17. Bxc5 Rxc5 18. Rad1 Qc7 19. Qa4 Ra5 20. Qc6 Rxe5 21. Nd5 Rxe1+ 22. Rxe1 Qd6 23. Ne4 Qd8 24. Nxe7+ Qxe7 25. Rd1 Bb7 26. Rd7 Bxc6 27. Rxe7 Bxe4 28. Bxe4 Nd6 29. Bd3 Nc8 30. Rd7 g6 31. Be4 Kg7 32. Bb7 Re8 33. Ba6 Kf6 34. Rc7 Ne7 35. Rxa7 Rd8 36. a4 Nc6 37. Rc7 Na5 38. Bb5 h5 39. Kg2 e5 40. c5 bxc5 41. Rxc5 Ke6 42. Rc7 Ra8 43. h4 e4 44. Kf1 f5 45. Ke2 Ke5 46. Kd2 f4 47. Re7+ Kd4 48. gxf4 Nb3+ 49. Ke2 Nc5 50. Be8 Nxa4 51. Rd7+ Kc4 52. Bf7+ Kc5 53. Bxg6 Nc3+ 54. Ke3 Ra2 55. Bxh5 Nd5+ 56. Rxd5+ Kc6 57. Rd4 Kc5 58. Rxe4 Ra3+ 59. Ke2 1-0

[Event "GRE-chT 49th"]
[Site "Thessaloniki"]
[Date "2022.08.14"]
[Round "4.8"]
[White "Drakaki, Anna Maria"]
[Black "Stefanidi, Maria Anna"]
[Result "0-1"]
[WhiteElo "1964"]
[BlackElo "1974"]
[PlyCount "109"]
[EventDate "2022.08.12"]
[EventType "team-swiss"]
[EventRounds "7"]
[EventCountry "GRE"]
[SourceTitle "CBM 209 Extra"]
[Source "ChessBase"]
[SourceDate "2022.09.30"]
[SourceVersion "1"]
[SourceVersionDate "2022.09.30"]
[SourceQuality "1"]
[WhiteTeam "Kalamarias"]
[BlackTeam "Kallithea"]
[WhiteTeamCountry "GRE"]
[BlackTeamCountry "GRE"]

1. d4 d6 2. e4 g6 3. Nf3 Bg7 4. Bd3 c6 5. 0-0 Qc7 6. h3 e5 7. c3 h6 8. a4 Ne7 9. Nbd2 g5 10. Nc4 Be6 11. Ne3 Nd7 12. Bc2 d5 13. exd5 Nxd5 14. Nxd5 Bxd5 15. Nxe5 Nxe5 16. dxe5 0-0-0 17. Qg4+ Kb8 18. c4 Be6 19. Bf5 Bxf5 20. Qxf5 Bxe5 21. Be3 Bxb2 22. Rab1 Bd4 23. Rfe1 Rhe8 24. Bxd4 Rxe1+ 25. Rxe1 Rxd4 26. Qc5 Rd8 27. g3 Qd6 28. Qf5 Rd7 29. Re8+ Rd8 30. Qxf7 Rxe8 31. Qxe8+ Kc7 32. a5 Qf6 33. Kg2 c5 34. Qe3 Qd6 35. Kh2 a6 36. Qe4 Qd4 37. Qe7+ Kb8 38. Qf7 Ka7 39. Kg2 Qe4+ 40. Kh2 Qe1 41. Qf6 Qxa5 42. Qxh6 Qa2 43. Qf6 a5 44. h4 gxh4 45. gxh4 Qe2 46. Kg3 Qxc4 47. h5 Qb3+ 48. f3 Qd1 49. h6 a4 50. Qg7 a3 51. Qc7 Qe1+ 52. Kh3 Qc3 53. Qf7 c4 54. Qf8 a2 55. Qc5+ 0-1

[Event "GRE-chT 49th"]
[Site "Thessaloniki"]
[Date "2022.08.13"]
[Round "2.8"]
[White "Drakaki, Anna Maria"]
[Black "Antolak, Julia"]
[Result "0-1"]
[WhiteElo "1964"]
[BlackElo "2378"]
[PlyCount "84"]
[EventDate "2022.08.12"]
[EventType "team-swiss"]
[EventRounds "7"]
[EventCountry "GRE"]
[SourceTitle "CBM 209 Extra"]
[Source "ChessBase"]
[SourceDate "2022.09.30"]
[SourceVersion "1"]
[SourceVersionDate "2022.09.30"]
[SourceQuality "1"]
[WhiteTeam "Kalamarias"]
[BlackTeam "Neapolis Sykeon"]
[WhiteTeamCountry "GRE"]
[BlackTeamCountry "GRE"]

1. d4 Nf6 2. Bf4 b6 3. Nf3 Bb7 4. e3 g6 5. Nbd2 Bg7 6. Bd3 d6 7. h3 Nbd7 8. 0-0 0-0 9. Qe2 Re8 10. Bh2 e5 11. Ba6 Bxa6 12. Qxa6 e4 13. Ne1 Nh5 14. Qc4 Rc8 15. c3 Qe7 16. Nc2 c6 17. b4 Kh8 18. Qb3 Nf8 19. Nc4 Red8 20. f3 b5 21. Nd2 exf3 22. Rxf3 f5 23. a4 a6 24. c4 Ne6 25. axb5 axb5 26. Rff1 Ng5 27. Qd3 Nf6 28. cxb5 cxb5 29. Na3 Nd5 30. Rfe1 Rc3 31. Qxb5 Rxe3 32. Nc2 Bxd4 33. Kh1 Bxa1 34. Nxe3 Nxe3 35. Rxa1 Ne4 36. Nf3 Qf6 37. Re1 f4 38. Qc6 Qb2 39. Nh4 Nf2+ 40. Kg1 Nd3 41. Bxf4 Qf2+ 42. Kh2 Qxf4+ 0-1

[Event "GRE-chT 49th"]
[Site "Thessaloniki"]
[Date "2022.08.12"]
[Round "1"]
[White "Drakaki, Anna Maria"]
[Black "Cosman, Andreea Marioara"]
[Result "0-1"]
[WhiteElo "1964"]
[BlackElo "2155"]
[PlyCount "64"]
[EventDate "2022.08.12"]
[EventType "team-swiss"]
[EventRounds "7"]
[EventCountry "GRE"]
[SourceTitle "EXT 2024"]
[Source "ChessBase"]
[SourceDate "2023.10.10"]
[SourceVersion "1"]
[SourceVersionDate "2023.10.10"]
[SourceQuality "1"]
[WhiteTeam "Kalamarias"]
[BlackTeam "Kozanis Aetoi"]
[WhiteTeamCountry "GRE"]
[BlackTeamCountry "GRE"]

1. d4 Nf6 2. Bf4 g6 3. Nc3 d5 4. e3 Bg7 5. h4 h5 6. Nf3 Bg4 7. Be2 c5 8. Ne5 Bxe2 9. Qxe2 a6 10. Qf3 Nc6 11. 0-0-0 cxd4 12. exd4 Rc8 13. Rhe1 0-0 14. Kb1 b5 15. Qd3 Nb4 16. Qd2 Nxc2 17. Rg1 b4 18. Qxc2 bxc3 19. bxc3 Ne4 20. Rd3 Qa5 21. Rc1 Bxe5 22. Bxe5 Qb5+ 23. Ka1 Nxf2 24. Rg3 Ne4 25. Rf3 Rc4 26. Rcf1 f6 27. Qc1 Kh7 28. Qa3 Re8 29. Rb1 Ra4 30. Rxb5 Rxa3 31. Rxd5 Nxc3 32. Rd7 Rxa2# 0-1

[Event "GRE-ch (Women) 43rd"]
[Site "Lamia"]
[Date "2021.12.11"]
[Round "8"]
[White "Drakaki, Anna Maria"]
[Black "Grapsa, Georgia"]
[Result "1/2-1/2"]
[WhiteElo "1942"]
[BlackElo "1946"]
[PlyCount "157"]
[EventDate "2021.12.04"]
[EventType "tourn"]
[EventRounds "9"]
[EventCountry "GRE"]
[SourceTitle "CBM 205 Extra"]
[Source "ChessBase"]
[SourceDate "2022.01.31"]
[SourceVersion "1"]
[SourceVersionDate "2022.01.31"]
[SourceQuality "1"]

1. e4 c6 2. d4 d5 3. e5 Bf5 4. Nc3 e6 5. g4 Bg6 6. Nge2 c5 7. h4 h5 8. Nf4 Bh7 9. Nxh5 cxd4 10. Nb5 Nc6 11. Nxd4 Nge7 12. Bf4 Nxd4 13. Qxd4 Nc6 14. Qd2 Rc8 15. c3 Qa5 16. Bg2 Nb4 17. 0-0 Nd3 18. Bg3 Bg6 19. Nf4 Nxf4 20. Qxf4 Rc4 21. Qf3 Be7 22. h5 Be4 23. Qe2 Qb6 24. Rfd1 g6 25. Rd4 Rxd4 26. cxd4 Bxg2 27. Kxg2 Qxd4 28. Rc1 0-0 29. Rc7 Bd8 30. Rxb7 gxh5 31. gxh5 Kg7 32. Qf3 Bb6 33. Qf6+ Kg8 34. Kh2 Qg4 35. h6 Qg6 36. Qxg6+ fxg6 37. Rg7+ Kh8 38. Kg2 Re8 39. Kf3 Bd4 40. b3 Rf8+ 41. Ke2 a5 42. Rxg6 Re8 43. Rg7 Bb2 44. f4 Ba3 45. Ra7 Bf8 46. h7 Bg7 47. Bh4 Rf8 48. Bg5 Rf5 49. Bf6 Bxf6 50. exf6 Rxf6 51. Ke3 Rf5 52. Re7 d4+ 53. Kxd4 Rxf4+ 54. Kc3 Rf2 55. a4 Rf3+ 56. Kb2 Re3 57. Ra7 Re5 58. Rb7 Re2+ 59. Kc3 e5 60. Kc4 Re3 61. b4 Re4+ 62. Kc3 axb4+ 63. Rxb4 Re3+ 64. Kb2 Re2+ 65. Kb3 Re3+ 66. Ka2 Kxh7 67. a5 Rc3 68. a6 Rc6 69. Ra4 Rc8 70. Kb3 Kg6 71. a7 Ra8 72. Kc4 Kf5 73. Kd5 e4 74. Kc6 e3 75. Kb7 Rxa7+ 76. Rxa7 e2 77. Ra1 Ke4 78. Kc6 Kd3 79. Kd5 1/2-1/2

[Event "Mediterranean-ch 11th"]
[Site "Petrovac"]
[Date "2021.06.19"]
[Round "1"]
[White "Krivokapic, Marko"]
[Black "Drakaki, Anna Maria"]
[Result "1-0"]
[WhiteElo "2405"]
[BlackElo "1997"]
[PlyCount "47"]
[EventDate "2021.06.19"]
[EventType "swiss"]
[EventRounds "9"]
[EventCountry "MNE"]
[SourceTitle "CBM 203 Extra"]
[Source "ChessBase"]
[SourceDate "2021.09.30"]
[SourceVersion "1"]
[SourceVersionDate "2021.09.30"]
[SourceQuality "1"]

1. e4 c5 2. Nf3 d6 3. d4 cxd4 4. Nxd4 Nf6 5. Nc3 a6 6. Be2 e5 7. Nb3 Be6 8. 0-0 Be7 9. f4 exf4 10. Bxf4 Nc6 11. Kh1 0-0 12. Nd4 Ne5 13. Qe1 Qb6 14. Be3 Qxb2 15. Rb1 Qa3 16. Rxb7 Nxe4 17. Nxe6 fxe6 18. Rb3 Qa5 19. Bb6 Nd3 20. cxd3 Qe5 21. dxe4 d5 22. exd5 Bd6 23. Bg1 exd5 24. Bf3 1-0

[Event "EU-ch Amateur Online Final 2000/2300"]
[Site "Tornelo INT"]
[Date "2021.04.28"]
[Round "1"]
[White "Drakaki, Anna Maria"]
[Black "Droin, Augustin"]
[Result "0-1"]
[WhiteElo "1997"]
[BlackElo "2292"]
[PlyCount "90"]
[EventDate "2021.04.28"]
[EventType "swiss (rapid)"]
[EventRounds "9"]
[EventCountry "NET"]
[SourceTitle "EXT 2023"]
[Source "ChessBase"]
[SourceDate "2022.10.05"]
[SourceVersion "1"]
[SourceVersionDate "2022.10.05"]
[SourceQuality "1"]

1. d4 d5 2. c4 c6 3. cxd5 cxd5 4. Bf4 Nc6 5. e3 Nf6 6. Nc3 a6 7. Rc1 Bg4 8. f3 Bf5 9. Bd3 Bxd3 10. Qxd3 e6 11. Nge2 Be7 12. 0-0 0-0 13. Bg3 Rc8 14. Nf4 Nd7 15. Rfd1 b5 16. Qe2 Nb6 17. Bf2 Bd6 18. Nd3 Nb4 19. e4 Nxd3 20. Qxd3 Qd7 21. exd5 exd5 22. Re1 Rfe8 23. Ne2 h6 24. Bg3 Nc4 25. b3 Bxg3 26. Nxg3 Nd6 27. Qd2 Nf5 28. Nxf5 Qxf5 29. Rxe8+ Rxe8 30. Qc2 Qf4 31. Rd1 Qe3+ 32. Kf1 Qf4 33. Kg1 h5 34. Qd2 Qf6 35. Qc3 h4 36. h3 Re2 37. Rd2 Re1+ 38. Kf2 Rh1 39. Qc8+ Kh7 40. Qg4 g6 41. Re2 Kg7 42. f4 Qxd4+ 43. Re3 Qa1 44. Ke2 Qd1+ 45. Kf2 Qf1# 0-1

[Event "EU-ch Amateur Online 1700/2000"]
[Site "Tornelo INT"]
[Date "2021.04.24"]
[Round "7"]
[White "Drakaki, Anna Maria"]
[Black "Pawlowski, Rafal"]
[Result "0-1"]
[WhiteElo "1997"]
[BlackElo "1821"]
[PlyCount "104"]
[EventDate "2021.04.24"]
[EventType "swiss (rapid)"]
[EventRounds "8"]
[EventCountry "NET"]
[SourceTitle "EXT 2023"]
[Source "ChessBase"]
[SourceDate "2022.10.05"]
[SourceVersion "1"]
[SourceVersionDate "2022.10.05"]
[SourceQuality "1"]

1. d4 d5 2. c4 c6 3. cxd5 cxd5 4. Bf4 Nf6 5. Nc3 a6 6. e3 Nc6 7. Rc1 e6 8. a3 Bd6 9. Bxd6 Qxd6 10. f4 0-0 11. Nf3 b5 12. Ne5 Bb7 13. Bd3 Ne7 14. 0-0 Ne4 15. Qh5 Nf5 16. Qf3 Nd2 17. Qh3 Nxf1 18. Rxf1 f6 19. Nf3 g6 20. Nh4 b4 21. Na4 Bc6 22. Nc5 bxa3 23. bxa3 Bb5 24. g4 Bxd3 25. Nxd3 Ng7 26. Nc5 e5 27. Qg2 exf4 28. exf4 f5 29. g5 Ne6 30. Nxe6 Qxe6 31. Nf3 Qe3+ 32. Kh1 Rac8 33. Ne5 Rc1 34. Qxd5+ Kh8 35. Rxc1 Qxc1+ 36. Kg2 Qxf4 37. Nf3 Qe4 38. Qd6 Re8 39. Qf6+ Kg8 40. Kg3 Qg4+ 41. Kf2 Qe4 42. Kg3 Rf8 43. Qxa6 f4+ 44. Kg2 Re8 45. Qc4+ Kg7 46. Qc7+ Re7 47. Qc4 Rb7 48. Qc3 Qd5 49. Qd3 Rb3 50. Qe2 Re3 51. Qb2 Qxf3+ 52. Kg1 Re1# 0-1

[Event "EU-ch Amateur Online 1700/2000"]
[Site "Tornelo INT"]
[Date "2021.04.24"]
[Round "8"]
[White "Miga, Tomasz"]
[Black "Drakaki, Anna Maria"]
[Result "0-1"]
[WhiteElo "1737"]
[BlackElo "1997"]
[PlyCount "48"]
[EventDate "2021.04.24"]
[EventType "swiss (rapid)"]
[EventRounds "8"]
[EventCountry "NET"]
[SourceTitle "EXT 2023"]
[Source "ChessBase"]
[SourceDate "2022.10.05"]
[SourceVersion "1"]
[SourceVersionDate "2022.10.05"]
[SourceQuality "1"]

1. d4 Nf6 2. Nf3 e6 3. c4 Bb4+ 4. Bd2 Bxd2+ 5. Qxd2 0-0 6. Nc3 d6 7. g3 Nbd7 8. Bg2 Qe7 9. Nb5 Nb6 10. b3 e5 11. 0-0 e4 12. Ne1 Re8 13. Nc2 c6 14. Nc3 d5 15. c5 Nbd7 16. b4 Nf8 17. Ne3 h6 18. b5 N8h7 19. Nf5 Bxf5 20. bxc6 bxc6 21. e3 Ng5 22. Rab1 Nf3+ 23. Bxf3 exf3 24. h4 Bxb1 0-1

[Event "GRE-ch Online Blitz op 1st"]
[Site "Tornelo INT"]
[Date "2021.02.07"]
[Round "9"]
[White "Drakaki, Anna Maria"]
[Black "Antonoglou, Christos"]
[Result "1-0"]
[WhiteElo "1861"]
[BlackElo "1845"]
[PlyCount "79"]
[EventDate "2021.02.07"]
[EventType "swiss (blitz)"]
[EventRounds "16"]
[EventCountry "GRE"]
[SourceTitle "EXT 2023"]
[Source "ChessBase"]
[SourceDate "2022.10.05"]
[SourceVersion "1"]
[SourceVersionDate "2022.10.05"]
[SourceQuality "1"]

1. d4 d5 2. c4 e5 3. dxe5 d4 4. Nf3 Nc6 5. a3 a5 6. Bf4 Nge7 7. Nbd2 Ng6 8. Bg3 Bc5 9. Nb3 Ba7 10. c5 Be6 11. Nbxd4 Nxd4 12. Nxd4 Bxc5 13. Nxe6 fxe6 14. Qb3 Qe7 15. e3 0-0 16. Bc4 Rae8 17. 0-0 b6 18. Bb5 Rd8 19. Rfd1 Kh8 20. Qc3 h5 21. h3 h4 22. Bh2 Qf7 23. Rd2 Ne7 24. b4 Nd5 25. Qc4 axb4 26. Qxh4+ Kg8 27. axb4 Bxb4 28. Rd4 Be7 29. Qg3 Bc5 30. Rg4 Qe7 31. Rg6 Ra8 32. Rxa8 Rxa8 33. Qg4 Ra1+ 34. Bf1 Nc3 35. Bg3 Qf7 36. Bf4 Ne2+ 37. Qxe2 Qxg6 38. Qb2 Ra5 39. Qb3 Qf5 40. Bd3 1-0

[Event "GRE-ch Online Blitz op 1st"]
[Site "Tornelo INT"]
[Date "2021.02.07"]
[Round "5"]
[White "Drakaki, Anna Maria"]
[Black "Stoimenidis, Dimitrios"]
[Result "1-0"]
[WhiteElo "1861"]
[BlackElo "1561"]
[PlyCount "81"]
[EventDate "2021.02.07"]
[EventType "swiss (blitz)"]
[EventRounds "16"]
[EventCountry "GRE"]
[SourceTitle "EXT 2023"]
[Source "ChessBase"]
[SourceDate "2022.10.05"]
[SourceVersion "1"]
[SourceVersionDate "2022.10.05"]
[SourceQuality "1"]

1. d4 Nf6 2. c4 e6 3. g3 d5 4. Nf3 Bb4+ 5. Bd2 Bd6 6. Bg2 c6 7. 0-0 0-0 8. Qc2 Nbd7 9. Bg5 h6 10. Bxf6 Nxf6 11. Nbd2 Qe7 12. Rfe1 c5 13. e4 dxe4 14. Nxe4 Nxe4 15. Qxe4 cxd4 16. Nxd4 Rd8 17. Rad1 Bc5 18. Nf5 exf5 19. Qxe7 Bxe7 20. Rxd8+ Bxd8 21. Re8+ Kh7 22. Rxd8 Kg6 23. Bd5 Kf6 24. Rf8 Ke5 25. f4+ Kd6 26. Rxf7 Bd7 27. Rxg7 Re8 28. Rg6+ Kc5 29. Kf2 b5 30. b3 bxc4 31. Bxc4 Bc6 32. a4 Rd8 33. Rxh6 Rd2+ 34. Ke3 Ra2 35. Rh5 Be4 36. g4 Ra1 37. gxf5 Bc6 38. f6+ Kd6 39. f7 Ke7 40. Rh8 Re1+ 41. Kf2 1-0

[Event "GRE-ch Online Blitz op 1st"]
[Site "Tornelo INT"]
[Date "2021.02.07"]
[Round "14"]
[White "Tzovanis, Anastasios Anagnost"]
[Black "Drakaki, Anna Maria"]
[Result "0-1"]
[WhiteElo "1432"]
[BlackElo "1861"]
[PlyCount "58"]
[EventDate "2021.02.07"]
[EventType "swiss (blitz)"]
[EventRounds "16"]
[EventCountry "GRE"]
[SourceTitle "EXT 2023"]
[Source "ChessBase"]
[SourceDate "2022.10.05"]
[SourceVersion "1"]
[SourceVersionDate "2022.10.05"]
[SourceQuality "1"]

1. d4 Nf6 2. Nf3 e6 3. c4 Bb4+ 4. Bd2 Bxd2+ 5. Nbxd2 d6 6. g3 0-0 7. Bg2 Nbd7 8. 0-0 Qe7 9. Qc2 e5 10. e3 Re8 11. b4 Nf8 12. a4 Bg4 13. Rfc1 h6 14. a5 e4 15. Ne1 a6 16. Qb3 N8h7 17. b5 Ng5 18. bxa6 bxa6 19. Rab1 Nh3+ 20. Bxh3 Bxh3 21. Ng2 g5 22. Qa4 Rab8 23. Qc6 Ng4 24. Rxb8 Rxb8 25. Qxa6 Qf6 26. Rf1 Rb2 27. Nxe4 Qf3 28. Qa8+ Kg7 29. Qd5 Qxg2# 0-1

[Event "GRE-ch Online Rapid op 1st"]
[Site "Tornelo INT"]
[Date "2021.02.06"]
[Round "7"]
[White "Drakaki, Anna Maria"]
[Black "Gkavardinas, Antonios"]
[Result "0-1"]
[WhiteElo "1902"]
[BlackElo "1294"]
[PlyCount "86"]
[EventDate "2021.02.06"]
[EventType "swiss (rapid)"]
[EventRounds "8"]
[EventCountry "GRE"]
[SourceTitle "EXT 2023"]
[Source "ChessBase"]
[SourceDate "2022.10.05"]
[SourceVersion "1"]
[SourceVersionDate "2022.10.05"]
[SourceQuality "1"]

1. d4 d5 2. c4 e6 3. g3 Nf6 4. Bg2 a6 5. Nd2 Be7 6. Ngf3 0-0 7. 0-0 dxc4 8. Nxc4 b5 9. Nfe5 Nd5 10. Na5 Qd6 11. e4 Nf6 12. Bf4 Qb6 13. Nb3 Bb7 14. Qe2 Rd8 15. Rac1 Nbd7 16. Nxf7 Kxf7 17. Bxc7 Qa7 18. Bxd8 Rxd8 19. d5 e5 20. Bh3 g6 21. Rfd1 Bd6 22. Na5 Rf8 23. Bxd7 Nxd7 24. Qg4 Nc5 25. b4 Bc8 26. Qf3+ Kg8 27. Qe3 Bg4 28. Rd2 Qc7 29. bxc5 Qxa5 30. cxd6 Rf3 31. Qe1 Rf8 32. Rdc2 Qa3 33. Rc6 Bh3 34. R1c3 Qb4 35. Rxa6 Qd4 36. Rac6 Rxf2 37. Rc8+ Rf8+ 38. Kh1 Bxc8 39. Rc1 Bh3 40. Rd1 Qb2 41. Rd2 Qxd2 42. Qg1 Rf1 43. d7 Bg2# 0-1

[Event "Thessaloniki Cup Final 4"]
[Site "Thessaloniki"]
[Date "2020.09.19"]
[Round "1.2"]
[White "Drakaki, Anna Maria"]
[Black "Gavriil, Odysseas Panagiotis"]
[Result "1-0"]
[WhiteElo "1972"]
[BlackElo "1964"]
[PlyCount "113"]
[EventDate "2020.09.19"]
[EventType "team-k.o."]
[EventRounds "2"]
[EventCountry "GRE"]
[SourceTitle "CBM 198 Extra"]
[Source "ChessBase"]
[SourceDate "2020.11.30"]
[SourceVersion "1"]
[SourceVersionDate "2020.11.30"]
[SourceQuality "1"]
[WhiteTeam "Kalamarias"]
[BlackTeam "Galaxias"]
[WhiteTeamCountry "GRE"]
[BlackTeamCountry "GRE"]

1. d4 Nf6 2. c4 d6 3. Nc3 g6 4. Nf3 Bf5 5. Bf4 Bg7 6. h3 Ne4 7. Nxe4 Bxe4 8. e3 c5 9. Be2 Qa5+ 10. Kf1 cxd4 11. exd4 0-0 12. Nd2 Bc6 13. d5 Ba4 14. Nb3 Qd8 15. Qd2 Nd7 16. Be3 Nf6 17. Nd4 Bd7 18. Bf3 Rb8 19. Rc1 a6 20. Bf4 Rc8 21. b4 Ne8 22. Bg4 h5 23. Bf3 e5 24. dxe6 fxe6 25. Bxb7 Rxf4 26. Qxf4 e5 27. Qg3 exd4 28. Bxc8 Qxc8 29. Qxg6 Nf6 30. Qd3 Ne8 31. Re1 Be6 32. c5 dxc5 33. bxc5 Bxa2 34. Kg1 Bf7 35. Rc1 Qc6 36. Kh2 Bg6 37. Qb3+ Kh7 38. Rhe1 d3 39. Re6 Qc7+ 40. Kg1 Qf7 41. Qb6 Nc7 42. Rxg6 Qxg6 43. Qxc7 d2 44. Rf1 Qd3 45. Qd6 Bd4 46. Qe7+ Kg6 47. Rd1 Qc4 48. Qe8+ Kh6 49. c6 a5 50. Qf8+ Kh7 51. Qe7+ Bg7 52. c7 Qc2 53. Qe2 Bh6 54. Qe7+ Bg7 55. Rxd2 Qc1+ 56. Kh2 Qxd2 57. Qe4+ 1-0